000 01007cab a2200265 4500
001 ABS58198
008 090401t xxu||||| |||| 00| 0 eng d
035 _a(Sirsi) u83450
041 _aeng
100 _aAliber, M.
245 _aSouth Africa: Valuation of land in the context of restitution and expropriation: an economic perspective
260 _c(52) December 1997. 5-11(7)
350 _a0
490 _aSouth African Valuer
_v(52) December 1997. 5-11(7)
520 _aReports on some of the economic consequences of the property clause of South Africa`s new constitution has for valuation and compensation policy. The clause is concerned with victims of forced removal seeking a return of their property or compensation. References.
650 _aCOMPENSATION
650 _aCONSTITUTION
650 _aRESTITUTION OF LAND
650 _aSOUTH AFRICA
650 _aVALUATION ISSUES
690 _aOVERSEAS-REST OF THE WORLD
700 _aJohnston, D
942 _n0
948 _c30/01/1998
999 _c52705
_d52705